SHALEYA KVAYAT SHIKSHAN (Record no. 290228)

MARC details
000 -LEADER
fixed length control field 00375pam a2200145a 44500
008 - FIXED-LENGTH DATA ELEMENTS--GENERAL INFORMATION
fixed length control field 230405s1994 xxu||||| |||| 00| 0 eng d
041 ## - LANGUAGE CODE
Language code of text/sound track or separate title ENG
100 ## - MAIN ENTRY--PERSONAL NAME
Personal name RAJGURU ANITA
245 ## - TITLE STATEMENT
Title SHALEYA KVAYAT SHIKSHAN
250 ## - EDITION STATEMENT
Edition statement 2 Ed.
260 ## - PUBLICATION, DISTRIBUTION, ETC.
Place of publication, distribution, etc. PUNE
Name of publisher, distributor, etc. SPORTS PUB
Date of publication, distribution, etc. 1994
300 ## - PHYSICAL DESCRIPTION
Extent 24p.
440 ## - SERIES STATEMENT/ADDED ENTRY--TITLE
Title BHARATI MADHYVARTI SAHKARI GRAHAK BHANDR, PUNE, B-23872
906 ## - LOCAL DATA ELEMENT F, LDF (RLIN)
a 1350
Holdings
Withdrawn status Lost status Damaged status Not for loan Collection Home library Current library Shelving location Date acquired Total Checkouts Barcode Date last seen Price effective from Koha item type
          Loknete Mohanrao Kadam College of Agriculture, Kadegaon, Sangli Loknete Mohanrao Kadam College of Agriculture, Kadegaon, Sangli   08/03/2007   AGK-2385 17/04/2023 17/04/2023 Book
          Loknete Mohanrao Kadam College of Agriculture, Kadegaon, Sangli Loknete Mohanrao Kadam College of Agriculture, Kadegaon, Sangli   08/03/2007   AGK-2384 17/04/2023 17/04/2023 Book